000 00762cam a2200205 4500500
005 20260111080244.0
041 _afre
042 _adc
100 1 0 _aBrioudes, Liliane
_eauthor
700 1 0 _aHamel, Cyrille
_eauthor
245 0 0 _aCertification des comptes des hôpitaux. L’expérience costarmoricaine : réussir le binôme entre l’ordonnateur et le comptable
260 _c2018.
500 _a10
690 _acertification des comptes
690 _acomptabilité publique
690 _afinances sociales
690 _ahôpitaux
786 0 _nGestion & Finances Publiques | 1 | 1 | 2018-01-01 | p. 38-42 | 1969-1009
856 4 1 _uhttps://droit.cairn.info/revue-gestion-et-finances-publiques-2018-1-page-38?lang=fr&redirect-ssocas=7080
999 _c1616057
_d1616057